| 000 | 01300nam0a2200301 4500 | ||
|---|---|---|---|
| 001 | RU\NLR\bibl\813156 | ||
| 005 | 20250614133557.0 | ||
| 010 | _a5-8465-0173-7 | ||
| 035 | _a(NLR Aleph) 000802208 | ||
| 090 |
_a1188405 _c1188405 |
||
| 100 | _a20050624d2003 |||y0rusy50 ca | ||
| 101 | 0 | _arus | |
| 102 | _aRU | ||
| 105 | _ac ||||||||| | ||
| 200 | 1 |
_aPhiloloqica Scandinavica _eсборник статей к 100-летию со дня рождения М.И. Стеблин-Каменского _f[отв. ред. Б.С. Жаров] |
|
| 210 |
_aСанкт-Петербург _cФилологический факультет Санкт-Петербургского университета _d2003 |
||
| 215 |
_a256,[1] с. _cпортр. _d21 |
||
| 320 | _aБиблиогр. в подстроч. прим. | ||
| 600 | 1 |
_aСтеблин-Каменский _bМ.И. _f1903 - 1981 _gМихаил Иванович _92334626 _3RU\NLR\auth\661395873 |
|
| 606 | 1 |
_aСкандинавская филология _jСборники _91426106 _3RU\NLR\auth\66291079 |
|
| 686 | _aШ043.3я434 | ||
| 686 | _aШ.г(2)7дСтеблин-Каменский | ||
| 702 | 1 |
_aЖаров _bБ. С. _4340 |
|
| 801 | 0 |
_aRU _bNLR _c20050624 _grcr |
|
| 801 | 1 |
_aRU _bNLR _c20050624 |
|
| 942 | _cBOOK | ||
| 980 | _aNB | ||